00836nam a22002297a 45000010005000000030006000050050017000110080041000280200018000690400018000870500009001050820011001141000017001252450032001422600036001743000045002105050007002555200267002625210029005295210019005586500029005772021FISKH20240614095509.0231030b cb ||||| |||| 00| 0 eng d a9780545365826 aDLCcDLCbeng00aK861 a591.56 aKosara, Tori00aHibernationcBy Tori Kosara aNew York :bScholastic,c2011.  a32 pages :bcolor illustrations ;c23 cm0 aJ  aExplains how various animals prepare for hibernation by stuffing themselves with food so that they can survive during the dormant months and how these animals prepare safe spots, like dens and burrows, so that they will be protected from predators as they sleep.8 a500 bLexile Adjusted 8 aJ bRaz-Plus  02Hibernation vNonfiction